La intringulis de la comunidad Dominicana filosofia del cambio. (Record no. 109265)

MARC details
000 -LEADER
campo de control de longitud fija 00434nam a2200181 i 4500
001 - NÚMERO DE CONTROL
campo de control 63421
005 - FECHA Y HORA DE LA ÚLTIMA TRANSACCIÓN
campo de control 20230411085921.0
008 - DATOS DE LONGITUD FIJA--INFORMACIÓN GENERAL
campo de control de longitud fija 081016b1978 dr a 000 0 spa
040 ## - FUENTE DE CATALOGACIÓN
Centro catalogador/agencia de origen DRFGD
Lengua de catalogación spa
041 ## - CÓDIGO DE IDIOMA
Código de lengua del texto/banda sonora o título independiente spa
050 14 - SIGNATURA TOPOGRÁFICA DE LA BIBLIOTECA DEL CONGRESO
Número de clasificación
100 ## - ENTRADA PRINCIPAL--NOMBRE DE PERSONA
Nombre de persona Mejía Julio
245 03 - MENCIÓN DEL TÍTULO
Título La intringulis de la comunidad Dominicana filosofia del cambio.
260 ## - PUBLICACIÓN, DISTRIBUCIÓN, ETC.
Lugar de publicación, distribución, etc. Santo Domingo
Fecha de publicación, distribución, etc. 1978
300 ## - DESCRIPCIÓN FÍSICA
Extensión 52p
942 ## - ELEMENTOS DE ENTRADA SECUNDARIOS (KOHA)
Fuente del sistema de clasificación o colocación Clasificación de Library of Congress
Tipo de ítem Koha
946 ## - PROCESAMIENTO DE INFORMACIÓN LOCAL (OCLC)
a clperez
Holdings
Estatus retirado Estado de pérdida Fuente del sistema de clasificación o colocación Estado de daño No para préstamo Colección Biblioteca de origen Biblioteca actual Ubicación en estantería Fecha de adquisición Código de barras Visto por última vez Copia número Tipo de ítem Koha
    Clasificación de Library of Congress     Automatización y Procesos Técnicos Biblioteca Juan Bosch Biblioteca Juan Bosch Automatización y Procesos Técnicos (1er. Piso) 11/04/2023 00000062542 17/02/2019 1